000
00259nam a2200097Ia 4500
001
1220265
005
20250827092807.0
008
250824s9999 xx 000 0 und d
245
0
_a
KAYIP KİTAPLARIN İZİNDE
_c
GIORGIO VAN STRATEN
260
_b
EVEREST YAYINLARI
999
_c
1220265
_d
1220265